000
00287nam a2200145Ia 4500
100
_a
Matthews/Andrews
942
_c
BK
366
_f
27
245
_a
How life works
260
_b
Embassy Books
_c
2014
082
_b
MAT
300
_a
144
546
_a
ENGLISH
_c
Computers
999
_c
17802
_d
17802